01595nam a2200361 a 4500001001000000003000500010005001700015008004100032010001100073011001100084040000900095090001000104100004100114245015600155260004100311500006000352502013100412590004000543590004000583590004000623590004000663650003400703650004400737650003100781650003300812856007000845901000700915942001000922942000600932999001900938952013600957952014001093000111393CHAP20220329144209.0150407s2015 mx sm |||||||spa d a107855 a108827 cCHAP aTesis00aLópez García, José Luis96790910aElaboración de un modelo de transporte de costo mínimo para toronja (Citrus Paridisi), en Méxicoh[En línea]cpor José Luis López García. aChapingo, Méx. :bEl autor,c2015. aPara ver el contenido del material haga clic en la liga aTesis (M. C. en Economía Agrícola y de los Recursos Naturales) -- UACH. División de Ciencias Económico Administrativas aE5765TAJb05c20150407lUCH01h0943 aE5765TAJb05c20150407lUCH01h0943 aE5765TAJb05c20150414lUCH01h0958 aE5765TAJb05c20150414lUCH01h095814aProgramación lineal.99237114aToronjaxAspectos económicos.912925414aToronjaxMercadeo.911398014aToronjaxTransporte.9129253 aFinding aiduhttp://10.13.5.2/tesis/sist111393.pdfzTeclea aquí aBK cTESIS n0 c107855d107855 00104054718TESISaBCbBCd2015-04-07fTESISl0oTesisp33724002480587r2019-12-31 00:00:00w2019-12-31yTESISzRecien adquirido 00102local4053708TESISaBCbBCcPA_TESISd2015-04-07fTESISl0oTesisp33724002480629r2019-12-31 00:00:00tc.2w2019-12-31yTESIS